[Rezension von Anne Hoormann: Lichtspiele. Zur Medienreflexion der Avantgarde in der Weimarer Republik. München 2003]

Gespeichert in:
Bibliographische Detailangaben
Veröffentlicht in:Kritische Berichte 32(2004), 1, Seite 77-81
VerfasserIn: Hirsch, Vanessa (VerfasserIn)
Dokumenttyp: Online-Ressource Aufsatz
Sprache:German
Veröffentlicht: [Heidelberg] : [Universitätsbibliothek] , 2004
Schlagwörter:
Online Zugang:kostenfrei
kostenfrei
Bibliogr. Hinweis:Enthalten in: Kritische Berichte
Rezension von: Lichtspiele
Rezension von: Lichtspiele
Verantwortlich:Vanessa Hirsch
LEADER 03049caa a2200601 c 4500
001 1526228076
003 DE-627
005 20260327142413.0
007 cr cn 008aaaaa
008 160225s2004 xx |||||oo 00| ||ger c
024 7 |a urn:nbn:de:bsz:16-kb-280858  |2 urn 
024 7 |a 10.11588/kb.2004.1.28085  |2 doi 
035 |a (DE-627)1526228076 
035 |a (DE-576)456228071 
035 |a (DE-599)BSZ456228071 
035 |a (OCoLC)1263788506 
040 |a DE-627  |b ger  |c DE-627  |e rda 
041 |a ger 
084 |a 6,10  |2 ssgn 
100 1 |a Hirsch, Vanessa  |d 1972-  |e VerfasserIn  |0 (DE-588)130516112  |0 (DE-627)503034606  |0 (DE-576)260632147  |4 aut 
245 1 0 |a [Rezension von Anne Hoormann: Lichtspiele. Zur Medienreflexion der Avantgarde in der Weimarer Republik. München 2003]  |c Vanessa Hirsch 
264 1 |a [Heidelberg]  |b [Universitätsbibliothek]  |c 2004 
336 |a Text  |b txt  |2 rdacontent 
337 |a Computermedien  |b c  |2 rdamedia 
338 |a Online-Ressource  |b cr  |2 rdacarrier 
500 |a Elektronische Reproduktion der Druckausgabe 
583 1 |a Archivierung/Langzeitarchivierung gewährleistet  |x XA-DE-BW  |2 pdager  |5 DE-16 
655 7 |a Rezension  |0 (DE-588)4049712-4  |0 (DE-627)106186019  |0 (DE-576)209083166  |2 gnd-content 
689 0 0 |d g  |0 (DE-588)4011882-4  |0 (DE-627)104704861  |0 (DE-576)208896155  |a Deutschland  |2 gnd 
689 0 1 |d s  |0 (DE-588)4065109-5  |0 (DE-627)10612059X  |0 (DE-576)209156864  |a Weimarer Republik  |2 gnd 
689 0 2 |d s  |0 (DE-588)4605581-2  |0 (DE-627)326270167  |0 (DE-576)214185834  |a Intermedialität  |2 gnd 
689 0 3 |d s  |0 (DE-588)4120673-3  |0 (DE-627)104819596  |0 (DE-576)209537043  |a Lichtkunst  |2 gnd 
689 0 4 |d s  |0 (DE-588)4017102-4  |0 (DE-627)104559683  |0 (DE-576)208918531  |a Film  |2 gnd 
689 0 5 |a z  |2 gnd  |a Geschichte 1918-1933 
689 0 |5 (DE-627) 
773 0 8 |i Enthalten in  |t Kritische Berichte  |d Heidelberg : arthistoricum.net, 1973  |g 32(2004), 1, Seite 77-81  |h Online-Ressource  |w (DE-627)751049069  |w (DE-600)2722286-X  |w (DE-576)385942125  |x 2197-7410  |7 nnas 
773 1 8 |g volume:32  |g year:2004  |g number:1  |g pages:77-81 
787 0 8 |i Rezension von  |a Hoormann, Anne, 1956 - 2003  |t Lichtspiele  |d München : Fink, 2003  |h 369 S.  |w (DE-627)353896470  |w (DE-576)102861587  |z 377053770X 
787 0 8 |i Rezension von  |a Hoormann, Anne, 1956 - 2003  |t Lichtspiele  |d München : Fink, 2003  |h 369 S.  |w (DE-627)1652439501  |w (DE-576)383348544  |z 377053770X 
856 4 0 |u http://nbn-resolving.de/urn:nbn:de:bsz:16-kb-280858  |x Verlag  |x Resolving-System  |z kostenfrei  |3 Volltext  |7 0 
856 4 0 |u http://dx.doi.org/10.11588/kb.2004.1.28085  |x Verlag  |x Resolving-System  |z kostenfrei  |3 Volltext  |7 0 
935 |h SWB  |i ld 
951 |a AR 
994 |u https://ahnp.ub.uni-heidelberg.de/journals/kb/article/view/28085 
994 |u https://ahnp.ub.uni-heidelberg.de/journals/kb/article/view/28085/21764 
990 |a Deutschland 
990 |a Weimarer Republik 
990 |a Intermedialität 
990 |a Lichtkunst 
990 |a Film 
990 |a Geschichte 1918-1933 
991 |a Rezension (Monographie, Zeitschrift, Aufsatz) 
999 |a KXP-PPN1526228076  |e 4008896899